Loading...
| MB | 5 | 4 | 3 | 2 | 100 | 49 | 84.33 | 4 | 9 | 0.00 | 0.00 |
| BB | 2 | 7 | 1 | 1 | 95 | 37 | 89.33 | 4 | 9 | 0.00 | 0.00 |
| AG | 2 | 4 | 0 | 1 | 70 | 32 | 86.33 | 3 | 6 | 0.00 | 0.00 |
| DM | 1 | 4 | 0 | 1 | 55 | 82 | 108.20 | 2 | 5 | 0.00 | 0.00 |
| RR | 0 | 6 | 2 | 1 | 50 | 84 | 108.33 | 4 | 6 | 0.00 | 0.00 |
| AR | 0 | 2 | 1 | 0 | 15 | 71 | 83.50 | 2 | 2 | 0.00 | 0.00 |
| TR | 0 | 3 | 3 | 0 | 15 | 84 | 88.00 | 1 | 3 | 0.00 | 0.00 |
| AK | 0 | 1 | 0 | 0 | 10 | 92 | 92.00 | 0 | 1 | 0.00 | 0.00 |
| AWD | 0 | 1 | 0 | 0 | 10 | 72 | 72.00 | 1 | 1 | 0.00 | 0.00 |
| AW> | 0 | 1 | 0 | 0 | 10 | 88 | 88.00 | 1 | 1 | 0.00 | 0.00 |
| RC | 0 | 2 | 2 | 0 | 10 | 88 | 94.00 | 2 | 2 | 0.00 | 0.00 |
| AG | golden hair | 15 | 32 |
| BB | vomiting | 15 | 37 |
| BB | chemotaxis | 15 | 43 |
| MB | The War with the Newts | 15 | 49 |
| AG | Jean Rhys | 15 | 61 |
| MB | Nagarjuna | -5 | 64 |
| MB | The Trojan Women | 15 | 64 |
| RC | Giambologna | -5 | 66 |
| MB | G minor | 15 | 68 |
| AR | spiders | -5 | 69 |